000 00227nam a22001097a 4500
041 _aENG
245 _aEngineering Drawing Thomas Efench
260 _aNew York
_bMcGraw-Hill
_c1947
300 _a694
650 _a48
856 _u48
999 _c3102
_d3102